The Principles of Statistical Mechanics
| Main Author: | |
|---|---|
| Format: | Section = Libro |
| Language: | Undetermined Spanish |
| Published: |
New York
Dover
1960
|
| Subjects: |
| LEADER | 00477nam a2200181Ia 4500 | ||
|---|---|---|---|
| 008 | 240830s9999 xx 000 0 und d | ||
| 040 | |a CEDOC FIQ-RUSB / 539 T652 | ||
| 041 | |a spa | ||
| 082 | |a 539 T652 | ||
| 100 | 1 | |a Tolman, Richard C. | |
| 245 | 1 | 4 | |a The Principles of Statistical Mechanics |
| 260 | |a New York |b Dover |c 1960 | ||
| 300 | |a 660 p.: il. | ||
| 650 | 7 | |a FISICOQUIMICA | |
| 650 | 7 | |b LA MECÁNICA ESTADÍSTICA CUÁNTICA | |
| 942 | |c BK |2 ddc | ||
| 991 | |a TEXTO | ||
| 999 | |c 13385 | ||